000 00779nac a22002417a 4500
001 BR8501417
003 BR-BrBNA
005 20240105120245.0
008 230509b bl.|||m| |||| 00| 0 por d
040 _aBR-BrBNA
_bpor
_cBiblioteca Nacional de Agricultura
072 _aE10
090 _aE10 BR8501417
110 1 _aFundacao de Economia e Estatistica, Porto Alegre, RS (Brasil)
_94853
245 1 _aAnuario estatistico do Rio Grande do Sul 1983 [economia, Brasil]
260 3 _aPorto Alegre, RS (Brasil):
_c1985.
300 _a305 p.
490 _aAnuario Estatistico do Rio Grande do Sul (Brazil)
_vv. 16
_x
650 _aECONOMIA
650 _aESTATISTICA
650 _aRIO GRANDE DO SUL
909 _a202312
_bLúcia Elande
_c55
_dLúcia Elande
942 _2AGRIS
_n0
_cMS
999 _c278540
_d278540